[Event "IECC CL6-2011.11 email"]
[Site "IECC email"]
[Date "2011.10.01"]
[Round "?"]
[White "Gideon, Daniel"]
[Black "Popp, Tony"]
[Result "1-0"]
[WhiteElo "1406"]
[BlackElo "1384"]
[PlyCount "35"]
[EventDate "2011.??.??"]
[EventType "tourn (corr)"]
[EventRounds "4"]
[SourceTitle "Corr 2015"]
[Source "ChessBase"]
[SourceDate "2015.07.17"]
[SourceVersion "1"]
[SourceVersionDate "2015.07.17"]
[SourceQuality "1"]
[WhiteTeam "Canada"]
[BlackTeam "US of America"]
[WhiteTeamCountry "CAN"]
[BlackTeamCountry "USA"]

1. d4 f5 2. c4 c6 3. Bf4 Nf6 4. Nf3 d5 5. e3 Nh5 6. Be5 Nd7 7. cxd5 cxd5 8. Ng5 Nhf6 9. Nc3 Nxe5 10. dxe5 Ne4 11. Bb5+ Bd7 12. Qxd5 Nxg5 13. Rd1 Qc7 14. Bxd7+ Kd8 15. Bxf5+ Ke8 16. Bd7+ Kd8 17. Bc6+ Kc8 18. Bxb7+ 1-0

[Event "SN-2011-0-00313"]
[Site "LSS email"]
[Date "2011.02.18"]
[Round "?"]
[White "Popp, Tony"]
[Black "Van Esbroeck, Dirk"]
[Result "1-0"]
[WhiteElo "1020"]
[BlackElo "940"]
[PlyCount "67"]
[EventDate "2011.01.31"]
[EventType "tourn (corr)"]
[EventRounds "6"]
[EventCountry "GER"]
[SourceTitle "Telechess CBM 151"]
[Source "ChessBase"]
[SourceDate "2012.11.13"]
[SourceVersion "1"]
[SourceVersionDate "2012.11.13"]
[SourceQuality "1"]

1. a3 Nf6 2. c4 g6 3. Nc3 Bg7 4. d4 0-0 5. e4 d6 6. Nf3 b6 7. Bd3 Bb7 8. 0-0 Re8 9. Bd2 e6 10. d5 exd5 11. exd5 c6 12. dxc6 Nxc6 13. Re1 Ne5 14. Nxe5 dxe5 15. Bc2 Qc7 16. Qe2 Nd7 17. Be4 Bxe4 18. Qxe4 Rad8 19. Nd5 Qb8 20. b4 f5 21. Qe2 Nf6 22. Bg5 Rd6 23. Rad1 Nxd5 24. Rxd5 Rde6 25. c5 e4 26. g3 Bf8 27. cxb6 Qxb6 28. Be3 Qb7 29. Ra5 a6 30. Qc4 Kf7 31. Rc1 Be7 32. Qc7 Qxc7 33. Rxc7 Kg8 34. Ra7 1-0

[Event "IECC CL6-2010.11 email"]
[Site "IECC email"]
[Date "2010.10.11"]
[Round "?"]
[White "Hutton, Andrew D"]
[Black "Popp, Tony"]
[Result "0-1"]
[WhiteElo "1306"]
[BlackElo "1314"]
[PlyCount "60"]
[EventDate "2010.??.??"]
[EventType "tourn (corr)"]
[EventRounds "4"]
[SourceTitle "Telechess CBM 145"]
[Source "Chessbase"]
[SourceDate "2011.11.11"]
[SourceVersion "1"]
[SourceVersionDate "2011.11.11"]
[SourceQuality "1"]
[WhiteTeam "Hong Kong"]
[BlackTeam "US of America"]
[WhiteTeamCountry "HKG"]
[BlackTeamCountry "USA"]

1. d4 f5 2. Nf3 g6 3. Nc3 d5 4. Bf4 c6 5. Qd3 Bg7 6. 0-0-0 Nd7 7. Kb1 b5 8. e3 a5 9. Ng5 Nb6 10. b3 b4 11. Ne2 a4 12. Nc1 h6 13. Nf3 Nf6 14. Bg3 Ne4 15. Ne2 Ba6 16. c4 dxc4 17. Qc2 axb3 18. axb3 c3 19. Nc1 Bxf1 20. Rdxf1 Ra3 21. Re1 Qa8 22. Na2 Nd5 23. Re2 g5 24. Be5 Bxe5 25. Nxe5 Nd2+ 26. Rxd2 cxd2 27. Qxc6+ Qxc6 28. Nxc6 0-0 29. Ncxb4 Nxb4 30. Nxb4 Rxb3+ 0-1

[Event "IECC CL6-2010.11 email"]
[Site "IECC email"]
[Date "2010.10.11"]
[Round "?"]
[White "Popp, Tony"]
[Black "Hurley, Karen Jean"]
[Result "1-0"]
[WhiteElo "1352"]
[BlackElo "1402"]
[PlyCount "89"]
[EventDate "2010.??.??"]
[EventType "tourn (corr)"]
[EventRounds "4"]
[SourceTitle "Telechess CBM 145"]
[Source "Chessbase"]
[SourceDate "2011.11.11"]
[SourceVersion "1"]
[SourceVersionDate "2011.11.11"]
[SourceQuality "1"]
[WhiteTeam "US of America"]
[BlackTeam "England"]
[WhiteTeamCountry "USA"]
[BlackTeamCountry "ENG"]

1. f4 d5 2. b3 Bg4 3. g3 Nd7 4. Bg2 c6 5. Bb2 e6 6. Nf3 Ngf6 7. 0-0 Bd6 8. d4 Bf5 9. Nbd2 h6 10. c4 Ng4 11. Re1 Ne3 12. Qc1 Nxg2 13. Kxg2 Bg4 14. e4 Bb4 15. exd5 0-0 16. dxe6 Bxe6 17. a3 Bxd2 18. Qxd2 Nf6 19. Qd3 Nh7 20. f5 Bc8 21. Re2 Ng5 22. Ne5 Qf6 23. Rf1 a6 24. d5 Rd8 25. Nxc6 Qxc6 26. Qc3 Qf6 27. Qxf6 gxf6 28. Bxf6 Bd7 29. Bxd8 Rxd8 30. h4 Nh7 31. f6 b5 32. c5 Re8 33. Re7 Rd8 34. b4 Kf8 35. d6 Bc6+ 36. Kh2 Rd7 37. Rxd7 Bxd7 38. Rf4 Kg8 39. g4 Nf8 40. Kg3 Kh7 41. h5 Ne6 42. Re4 Bc6 43. Re1 Kg8 44. Rd1 Bd7 45. c6 1-0

[Event "CP-2010-P-00024"]
[Site "LSS email"]
[Date "2010.09.28"]
[Round "?"]
[White "Johansen, Svein Age"]
[Black "Popp, Tony"]
[Result "1-0"]
[WhiteElo "2095"]
[BlackElo "1002"]
[PlyCount "69"]
[EventDate "2010.10.01"]
[EventType "tourn (corr)"]
[EventRounds "6"]
[EventCountry "GER"]
[SourceTitle "Corr 2013"]
[Source "ChessBase"]
[SourceDate "2012.11.12"]
[SourceVersion "1"]
[SourceVersionDate "2012.11.12"]
[SourceQuality "1"]

1. e4 c6 2. d4 d5 3. exd5 Nf6 4. dxc6 Nxc6 5. Nf3 e5 6. Bb5 exd4 7. Nxd4 Bc5 8. Nxc6 Qxd1+ 9. Kxd1 a6 10. Ba4 Bd7 11. Re1+ Kf8 12. Be3 Bxe3 13. Rxe3 Bxc6 14. Bxc6 bxc6 15. Nd2 Ng4 16. Re2 Nxh2 17. f3 Rd8 18. Ke1 Rd6 19. Kf2 Rh6 20. Kg1 g5 21. g3 Nxf3+ 22. Nxf3 g4 23. Nd4 Rd6 24. Nf5 Rf6 25. Rf1 h5 26. Re5 Kg8 27. Ne7+ Kg7 28. Rg5+ Kh6 29. Rxh5+ Kxh5 30. Rxf6 Rd8 31. Rxf7 Rd2 32. Rf5+ Kh6 33. Rf6+ Kh5 34. Rxc6 Rd1+ 35. Kf2 1-0

[Event "CP-2010-P-00024"]
[Site "LSS email"]
[Date "2010.09.28"]
[Round "?"]
[White "Leon, Fernando"]
[Black "Popp, Tony"]
[Result "0-1"]
[WhiteElo "1192"]
[BlackElo "990"]
[PlyCount "54"]
[EventDate "2010.10.01"]
[EventType "tourn (corr)"]
[EventRounds "6"]
[EventCountry "GER"]
[SourceTitle "Telechess CBM 143"]
[Source "ChessBase"]
[SourceDate "2011.07.15"]
[SourceVersion "1"]
[SourceVersionDate "2011.07.15"]
[SourceQuality "1"]

1. e4 d5 2. exd5 Qxd5 3. Nc3 Qa5 4. f4 Nf6 5. Nf3 Bf5 6. b3 c6 7. Bb2 e6 8. a4 Bd6 9. g3 Nbd7 10. Bg2 0-0 11. Qe2 Bxc2 12. Nd4 Bf5 13. Nxf5 Qxf5 14. 0-0 Bc5+ 15. Kh1 Qc2 16. Rab1 Qxb3 17. Ba1 Qc2 18. f5 Ba3 19. fxe6 fxe6 20. Qxe6+ Kh8 21. Rxb7 Nc5 22. Qxc6 Nxb7 23. Qxb7 Rab8 24. Qxa7 Qxd2 25. Ne4 Qd8 26. Ng5 Qb6 27. Qe7 Bxe7 0-1

[Event "CP-2010-P-00024"]
[Site "LSS email"]
[Date "2010.09.28"]
[Round "?"]
[White "Popp, Tony"]
[Black "Kelbl, Jiri"]
[Result "1/2-1/2"]
[WhiteElo "999"]
[BlackElo "1635"]
[PlyCount "51"]
[EventDate "2010.10.01"]
[EventType "tourn (corr)"]
[EventRounds "6"]
[EventCountry "GER"]
[SourceTitle "Telechess CBM 143"]
[Source "ChessBase"]
[SourceDate "2011.07.15"]
[SourceVersion "1"]
[SourceVersionDate "2011.07.15"]
[SourceQuality "1"]

1. a3 e5 2. c4 Nc6 3. e3 Nf6 4. d4 exd4 5. exd4 d5 6. h3 dxc4 7. Bxc4 Qxd4 8. Qxd4 Nxd4 9. Kd1 Be6 10. Bxe6 Nxe6 11. Be3 0-0-0+ 12. Ke2 Nd4+ 13. Bxd4 Rxd4 14. Nc3 Bc5 15. Nf3 Rd7 16. Rhd1 Rxd1 17. Rxd1 Re8+ 18. Kf1 h6 19. b4 Bd6 20. Nb5 Kd7 21. Nxa7 c6 22. b5 Kc7 23. bxc6 bxc6 24. Nd4 Bxa3 25. Naxc6 Bc5 26. Rc1 1/2-1/2

[Event "IECC CL6-2009.28 email"]
[Site "IECC email"]
[Date "2009.11.28"]
[Round "?"]
[White "D'Aragona, Vittoria"]
[Black "Popp, Tony"]
[Result "1-0"]
[WhiteElo "1315"]
[BlackElo "1354"]
[PlyCount "38"]
[EventDate "2009.??.??"]
[EventType "tourn (corr)"]
[EventRounds "4"]
[SourceTitle "Telechess CBM 149"]
[Source "ChessBase"]
[SourceDate "2012.07.17"]
[SourceVersion "1"]
[SourceVersionDate "2012.07.17"]
[SourceQuality "1"]
[WhiteTeam "Italy"]
[BlackTeam "US of America"]
[WhiteTeamCountry "ITA"]
[BlackTeamCountry "USA"]

1. e4 c5 2. c3 d5 3. exd5 Qxd5 4. d4 Nf6 5. Nf3 Nc6 6. Bd3 Bg4 7. Nbd2 cxd4 8. cxd4 0-0-0 9. Bc4 Qf5 10. 0-0 Nxd4 11. Nxd4 Rxd4 12. f3 Qc5 13. Kh1 Bh5 14. b3 e6 15. Bb2 Rd8 16. Rc1 Kb8 17. Bxe6 Qd6 18. Re1 Qxd2 19. Qxd2 Rxd2 1-0

[Event "IECG CP.2009.P.00016 email"]
[Site "IECG email"]
[Date "2009.10.01"]
[Round "?"]
[White "Bhandarkar, Dinesh"]
[Black "Popp, Tony"]
[Result "1-0"]
[WhiteElo "1301"]
[BlackElo "994"]
[PlyCount "51"]
[EventDate "2009.10.01"]
[EventType "tourn (corr)"]
[EventRounds "6"]
[EventCountry "ARG"]
[SourceTitle "Corr 2024"]
[Source "ChessBase"]
[SourceDate "2023.10.19"]
[SourceVersion "1"]
[SourceVersionDate "2023.10.19"]
[SourceQuality "1"]

1. e4 d5 2. exd5 Qxd5 3. Nc3 Qa5 4. d4 e6 5. Nf3 Nf6 6. Bd2 Be7 7. Bb5+ c6 8. Nd5 Qd8 9. Nxe7 Qxe7 10. Bd3 b6 11. Qe2 Bb7 12. b4 Nbd7 13. 0-0 0-0 14. Rab1 Rac8 15. Rfe1 Rfe8 16. c4 Ba6 17. Rb3 Bb7 18. Ne5 Nxe5 19. dxe5 Nd7 20. Qf3 Nf8 21. Qh5 f6 22. exf6 Qxf6 23. c5 b5 24. Bc2 Qf7 25. Qg4 e5 26. Rf3 1-0

[Event "IECG CP.2009.P.00016 email"]
[Site "IECG email"]
[Date "2009.10.01"]
[Round "?"]
[White "Carroll, Patrick"]
[Black "Popp, Tony"]
[Result "0-1"]
[WhiteElo "2079"]
[BlackElo "994"]
[PlyCount "48"]
[EventDate "2009.10.01"]
[EventType "tourn (corr)"]
[EventRounds "6"]
[EventCountry "ARG"]
[SourceTitle "Corr 2024"]
[Source "ChessBase"]
[SourceDate "2023.10.19"]
[SourceVersion "1"]
[SourceVersionDate "2023.10.19"]
[SourceQuality "1"]

1. e4 d5 2. exd5 Qxd5 3. Nc3 Qa5 4. Nf3 g6 5. b4 Qxb4 6. Rb1 Qd6 7. Bb2 Nf6 8. Ne4 Qd8 9. Qe2 Nbd7 10. Bxf6 Rg8 11. Nfg5 h6 12. Nxf7 Kxf7 13. Qc4+ Ke8 14. Qe6 Nc5 15. Qxg8 Nxe4 16. Qxg6+ Kd7 17. Qg4+ Ke8 18. Qxe4 Qd6 19. Be5 Qe6 20. Rxb7 Bxb7 21. Bb5+ c6 22. Bc4 Qd7 23. h4 c5 24. Rh3 Bxe4 0-1

[Event "IECG CP.2009.P.00016 email"]
[Site "IECG email"]
[Date "2009.10.01"]
[Round "?"]
[White "Popp, Tony"]
[Black "Betita, Joeffrey"]
[Result "1-0"]
[WhiteElo "994"]
[BlackElo "1416"]
[PlyCount "83"]
[EventDate "2009.10.01"]
[EventType "tourn (corr)"]
[EventRounds "6"]
[EventCountry "ARG"]
[SourceTitle "Corr 2024"]
[Source "ChessBase"]
[SourceDate "2023.10.19"]
[SourceVersion "1"]
[SourceVersionDate "2023.10.19"]
[SourceQuality "1"]

1. a3 e5 2. c4 Nf6 3. d3 c6 4. Nf3 e4 5. Nd4 c5 6. Nc2 Nc6 7. e3 g6 8. Nc3 Bg7 9. dxe4 0-0 10. Be2 Re8 11. Bf3 a6 12. Qd6 Re6 13. Qd1 Ne5 14. Qe2 b6 15. Nd5 Bb7 16. Rb1 Nxf3+ 17. gxf3 Bc6 18. Bd2 b5 19. b3 d6 20. Bc3 Nd7 21. Bxg7 Kxg7 22. Nf4 Rf6 23. Rg1 Ne5 24. Nh5+ Kh8 25. Nxf6 Qxf6 26. f4 Nf3+ 27. Qxf3 Qc3+ 28. Kd1 Qd3+ 29. Kc1 Bxe4 30. Qd1 Qc3 31. Qd2 Qf6 32. Rg3 d5 33. f3 Bf5 34. Qxd5 Rd8 35. Qe5 Kg7 36. Qxf6+ Kxf6 37. e4 Be6 38. Ne3 Rd3 39. Nd5+ Bxd5 40. cxd5 a5 41. Kc2 Rd4 42. Rd1 1-0

[Event "IECG CP.2009.P.00016 email"]
[Site "IECG email"]
[Date "2009.10.01"]
[Round "?"]
[White "Popp, Tony"]
[Black "Salis, Anthony"]
[Result "1-0"]
[WhiteElo "994"]
[BlackElo "800"]
[PlyCount "71"]
[EventDate "2009.10.01"]
[EventType "tourn (corr)"]
[EventRounds "6"]
[EventCountry "ARG"]
[SourceTitle "Corr 2024"]
[Source "ChessBase"]
[SourceDate "2023.10.19"]
[SourceVersion "1"]
[SourceVersionDate "2023.10.19"]
[SourceQuality "1"]

1. a3 e5 2. c4 Nc6 3. d3 d5 4. cxd5 Nd4 5. e3 Nf3+ 6. Qxf3 Nf6 7. e4 Bg4 8. Qg3 Bd6 9. h3 Bh5 10. Qxg7 Rg8 11. Qh6 Rg6 12. Qe3 Qe7 13. g4 Bxg4 14. hxg4 Nxg4 15. Qe2 0-0-0 16. Rxh7 Rdg8 17. Bh3 b6 18. f3 R8g7 19. Bxg4+ Kb7 20. Rxg7 Rxg7 21. Qf2 f6 22. Bh6 Rh7 23. Qe3 Bc5 24. Qd2 Bxg1 25. Bf5 Rh8 26. Nc3 Rg8 27. 0-0-0 Qc5 28. Kb1 Rg3 29. Ne2 Bf2 30. Nxg3 Bxg3 31. Be3 Qb4 32. Qxb4 a5 33. Qb5 Ka7 34. Bc8 Kb8 35. Qa6 Bf2 36. Qb7# 1-0

[Event "IECC CL6-2009.13 email"]
[Site "IECC email"]
[Date "2009.07.09"]
[Round "?"]
[White "Popp, Tony"]
[Black "Boyd, John Michael"]
[Result "1-0"]
[WhiteElo "1339"]
[BlackElo "2298"]
[PlyCount "59"]
[EventDate "2009.??.??"]
[EventType "tourn (corr)"]
[EventRounds "4"]
[SourceTitle "Telechess CBM 137"]
[Source "ChessBase"]
[SourceDate "2010.07.15"]
[SourceVersion "1"]
[SourceVersionDate "2010.07.15"]
[SourceQuality "1"]
[WhiteTeam "US of America"]
[BlackTeam "Canada"]
[WhiteTeamCountry "USA"]
[BlackTeamCountry "CAN"]

1. a3 Nf6 2. b4 g6 3. Bb2 Bg7 4. g3 0-0 5. Bg2 d6 6. e4 e5 7. Nc3 Nc6 8. Nge2 Bg4 9. h3 Bc8 10. 0-0 Nh5 11. Nd5 Be6 12. d3 Ne7 13. c4 Bxd5 14. cxd5 Bh6 15. d4 Bg7 16. Bf3 exd4 17. Nxd4 Nf6 18. Ne2 Nd7 19. Bxg7 Kxg7 20. Bg2 f5 21. Nf4 Rf6 22. Ne6+ Rxe6 23. dxe6 Nf8 24. exf5 c6 25. Qd4+ Kg8 26. f6 Nxe6 27. Qe3 Nf5 28. Qxe6+ Kf8 29. Rae1 d5 30. g4 1-0

[Event "IECC CL6-2009.07 email"]
[Site "IECC email"]
[Date "2009.04.11"]
[Round "?"]
[White "Hutton, Andrew D"]
[Black "Popp, Tony"]
[Result "0-1"]
[WhiteElo "1258"]
[BlackElo "1326"]
[PlyCount "72"]
[EventDate "2009.??.??"]
[EventType "tourn (corr)"]
[EventRounds "4"]
[SourceTitle "Telechess CBM 137"]
[Source "ChessBase"]
[SourceDate "2010.07.15"]
[SourceVersion "1"]
[SourceVersionDate "2010.07.15"]
[SourceQuality "1"]
[WhiteTeam "Hong Kong"]
[BlackTeam "US of America"]
[WhiteTeamCountry "HKG"]
[BlackTeamCountry "USA"]

1. d4 f5 2. Nf3 g6 3. Nc3 Nf6 4. Bg5 d5 5. e3 Bg7 6. Bb5+ c6 7. Ba4 0-0 8. Qe2 b5 9. Bb3 a5 10. a3 Ba6 11. Qd1 b4 12. Na4 Ne4 13. Bh4 Nd7 14. Ng5 Nxg5 15. Bxg5 h6 16. Bf4 Re8 17. axb4 axb4 18. c3 bxc3 19. Nxc3 Qb6 20. Nxd5 cxd5 21. Bxd5+ Kh8 22. Bxa8 Rxa8 23. Qd2 e5 24. dxe5 Nxe5 25. Bxe5 Bxe5 26. f4 Qxb2 27. Qxb2 Bxb2 28. Rb1 Bc3+ 29. Kf2 Bd3 30. Rb3 Ra2+ 31. Kg3 Rc2 32. Rd1 Be4 33. Rb8+ Kh7 34. Rd7+ Bg7 35. h3 Rxg2+ 36. Kh4 g5+ 0-1

[Event "IECG CF.2009.0.00092 email"]
[Site "IECG email"]
[Date "2009.01.31"]
[Round "?"]
[White "Popp, Tony"]
[Black "De Booy, Marco"]
[Result "1/2-1/2"]
[WhiteElo "972"]
[BlackElo "1010"]
[PlyCount "73"]
[EventDate "2009.01.31"]
[EventType "tourn (corr)"]
[EventRounds "6"]
[SourceTitle "Corr 2024"]
[Source "ChessBase"]
[SourceDate "2023.10.19"]
[SourceVersion "1"]
[SourceVersionDate "2023.10.19"]
[SourceQuality "1"]

1. a3 e5 2. c4 Nf6 3. d3 Nc6 4. e3 d5 5. cxd5 Nxd5 6. Nf3 Bg4 7. h3 Bh5 8. g4 Bg6 9. Nc3 Nxc3 10. bxc3 e4 11. Nd4 Nxd4 12. exd4 exd3 13. Bxd3 Bxd3 14. Qxd3 Bd6 15. 0-0 0-0 16. f4 Qd7 17. f5 Rfe8 18. Bd2 b6 19. c4 c6 20. f6 g6 21. g5 Rad8 22. Rae1 b5 23. Rxe8+ Rxe8 24. cxb5 cxb5 25. Rf3 a6 26. Re3 Rxe3 27. Qxe3 Kf8 28. d5 Qc7 29. Bb4 Bxb4 30. axb4 Qd7 31. Qe5 Qb7 32. d6 Qa7+ 33. Kg2 Qb7+ 34. Kf2 Qc8 35. Qe7+ Kg8 36. d7 Qc2+ 37. Kf1 1/2-1/2

[Event "IECC CL6-2008.01 email"]
[Site "IECC email"]
[Date "2008.02.27"]
[Round "?"]
[White "Popp, Tony"]
[Black "Duteau, Jean Henri"]
[Result "1/2-1/2"]
[WhiteElo "1323"]
[BlackElo "1387"]
[PlyCount "106"]
[EventDate "2008.??.??"]
[EventType "tourn (corr)"]
[EventRounds "4"]
[SourceTitle "Corr 2013"]
[Source "ChessBase"]
[SourceDate "2012.11.12"]
[SourceVersion "1"]
[SourceVersionDate "2012.11.12"]
[SourceQuality "1"]
[WhiteTeam "England"]
[BlackTeam "Australia"]
[WhiteTeamCountry "ENG"]
[BlackTeamCountry "AUS"]

1. a3 g6 2. c4 e5 3. g3 Bg7 4. Bg2 Ne7 5. Nc3 Nbc6 6. e3 d6 7. h3 0-0 8. Nge2 Be6 9. d3 Qd7 10. Nd5 Rad8 11. Qc2 f5 12. Bd2 Nc8 13. Bc3 Nb8 14. Ba5 b6 15. Bd2 c6 16. Ndc3 Ne7 17. 0-0-0 d5 18. cxd5 cxd5 19. d4 Rc8 20. f4 e4 21. Kb1 Rc7 22. Rc1 Rfc8 23. Qd1 Qd6 24. Qb3 Qd7 25. Nb5 Rc6 26. Rxc6 Nbxc6 27. Rc1 a6 28. Nbc3 Na5 29. Qd1 Nc4 30. b3 Nxa3+ 31. Ka2 Nb5 32. Nxb5 Qxb5 33. Rxc8+ Bxc8 34. Bf1 Bb7 35. Qc1 Nc6 36. Ng1 Nb4+ 37. Kb1 Nd3 38. Qc3 a5 39. Bxd3 exd3 40. Nf3 Ba6 41. Ne5 Bf8 42. Ka2 a4 43. b4 Bd6 44. Qc6 Qxc6 45. Nxc6 Bc4+ 46. Ka3 b5 47. Ne5 Kg7 48. Nf3 Bb3 49. Ne5 Bc4 50. Nf3 Kf6 51. Ne5 h5 52. h4 Kg7 53. Bc3 Be7 1/2-1/2

[Event "IECC CL5-2007.18 email"]
[Site "IECC email"]
[Date "2007.12.03"]
[Round "?"]
[White "Cuomo, Salvatore"]
[Black "Popp, Tony"]
[Result "1-0"]
[WhiteElo "1485"]
[BlackElo "1352"]
[PlyCount "53"]
[EventDate "2007.??.??"]
[EventType "tourn (corr)"]
[EventRounds "4"]
[SourceTitle "Corr 2015"]
[Source "ChessBase"]
[SourceDate "2015.07.17"]
[SourceVersion "1"]
[SourceVersionDate "2015.07.17"]
[SourceQuality "1"]
[WhiteTeam "Italy"]
[BlackTeam "US of America"]
[WhiteTeamCountry "ITA"]
[BlackTeamCountry "USA"]

1. e4 d5 2. exd5 Qxd5 3. Nc3 Qd8 4. d4 e6 5. Nf3 Nf6 6. Bd3 h6 7. 0-0 Be7 8. Ne5 0-0 9. Be3 Nh7 10. Qg4 Bg5 11. Bxg5 Qxg5 12. Qf3 c6 13. Nxf7 Qe7 14. Bxh7+ Kxh7 15. Qd3+ Kg8 16. Ne5 Rf6 17. Ne4 Rf5 18. g4 Rxe5 19. dxe5 b6 20. Rad1 Nd7 21. f4 a5 22. Qd6 Qxd6 23. Rxd6 Nf8 24. f5 exf5 25. gxf5 Ra7 26. Rxc6 b5 27. Rxc8 1-0

[Event "IECC CL5-2007.16 email"]
[Site "IECC email"]
[Date "2007.11.02"]
[Round "?"]
[White "Finkbeiner, Kirk"]
[Black "Popp, Tony"]
[Result "1/2-1/2"]
[WhiteElo "1513"]
[BlackElo "1366"]
[PlyCount "46"]
[EventDate "2007.??.??"]
[EventType "tourn (corr)"]
[EventRounds "4"]
[SourceTitle "Corr 2011"]
[Source "ChessBase"]
[SourceDate "2010.08.31"]
[SourceVersion "1"]
[SourceVersionDate "2010.08.31"]
[SourceQuality "1"]
[WhiteTeam "Italy"]
[BlackTeam "Chile"]
[WhiteTeamCountry "ITA"]
[BlackTeamCountry "CHI"]

1. e4 d5 2. exd5 Qxd5 3. Nc3 Qd8 4. d4 e6 5. Nf3 Nf6 6. Bg5 Be7 7. Bd3 h6 8. Bh4 b6 9. 0-0 0-0 10. Qd2 Nd5 11. Nxd5 exd5 12. Bxe7 Qxe7 13. Rfe1 Qf6 14. Ne5 Nc6 15. Nxc6 Qxc6 16. Re7 Be6 17. Qf4 Rfc8 18. Re1 Qd6 19. Qxd6 cxd6 20. f4 Kf8 21. Rb7 Rcb8 22. Rxb8+ Rxb8 23. Bb5 Rc8 1/2-1/2